| 000 | 01024 a2200229 4500 | ||
|---|---|---|---|
| 005 | 20080908115318.0 | ||
| 008 | 080908t xxu||||| |||| 00| 0 eng d | ||
| 010 | _aENG-87606 | ||
| 020 |
_c249.00 _a8180040054 |
||
| 035 | _aEN-71139 | ||
| 037 | _bD.B.Act / Pub | ||
| 082 | _a611 | ||
| 100 | _aChandra Shekhar, A. | ||
| 245 |
_aHandbook of anatomy & physiology for para-medics _cby A. Chandra Shekhar _bfor B.Sc. Nursing physiotherapy & pharmacy |
||
| 260 |
_aNew Delhi _bAll India Publishers & Distributors _c2007 (rpr) |
||
| 270 |
_a113, Ouunamallee High Road, (Gee Gee Shroff Centre, Opp. H. J. Hospital) _bChennai _e600084 _k8233004 _maipdraj@vsnl.com _l8204911 |
||
| 270 |
_a4380/4-B, Ansari Road, Darya Ganj _bNew Delhi _e110 002 _k011-23244429 _l011-22467613 |
||
| 300 |
_a408 p. _c24 cm. (Pbk) |
||
| 500 | _aIncludes index | ||
| 942 |
_adpl _cEN _k611 / CHA _2ddc _h611 _mCHA |
||
| 999 |
_c6741 _d6741 |
||